Tilastot visalle Tonavan valtioiden liput

Klikkaa tästä pelataksesi tätä visaa!

Yleistilastot

  • Tätä visaa on pelattu 62 kertaa
  • Keskiarvotulos 10 / 10

Vastaustilastot

Vastaus% Oikein
Saksa
100%
Slovakia
100%
Unkari
100%
Bulgaria
98%
Itävalta
98%
Kroatia
98%
Ukraina
98%
Romania
96%
Serbia
96%
Moldova
95%

Tulosjakauma

Persentiili vastausten määrän mukaan

Jokaisen tuloksen saaneiden osuus

Tuloshistoriasi

Et ole pelannut tätä visaa